Кулибинский и нижнедербинский комплексы: общность петролого-геохимических черт (северо-запад Восточного Саяна); Известия Томского политехнического университета [Известия ТПУ]; Т. 323, № 1 : Науки о Земле
| Parent link: | Известия Томского политехнического университета [Известия ТПУ]/ Томский политехнический университет (ТПУ).— , 2000- Т. 323, № 1 : Науки о Земле.— 2013.— [С. 123-129] |
|---|---|
| Hovedforfatter: | |
| Summary: | Заглавие с титульного листа Электронная версия печатной публикации Исследованы петролого-геохимические особенности кулибинского и нижнедербинского мафит-ультрамафитовых комплексов северо-западной части Восточного Саяна. Показан их петрографический и минералогический состав, рудная минерализация, петрохимические и геохимические черты. Полученные данные позволили установить большое сходство сравниваемых комплексов и предположить высокую перспективность обнаружения в их ультрамафитовых сериях Pt-Cu-Ni оруденения. |
| Sprog: | russisk |
| Udgivet: |
2013
|
| Serier: | Геология и полезные ископаемые |
| Fag: | |
| Online adgang: | http://earchive.tpu.ru/bitstream/11683/4905/1/bulletin_tpu-2013-323-1-20.pdf |
| Format: | MixedMaterials Electronisk Book Chapter |
| KOHA link: | https://koha.lib.tpu.ru/cgi-bin/koha/opac-detail.pl?biblionumber=242964 |
MARC
| LEADER | 00000nla2a2200000 4500 | ||
|---|---|---|---|
| 001 | 242964 | ||
| 005 | 20231031210312.0 | ||
| 035 | |a (RuTPU)RU\TPU\book\264292 | ||
| 035 | |a RU\TPU\book\264289 | ||
| 090 | |a 242964 | ||
| 100 | |a 20130913d2013 k y0rusy50 ca | ||
| 101 | 0 | |a rus | |
| 102 | |a RU | ||
| 135 | |a drnn ---uucaa | ||
| 181 | 0 | |a i | |
| 182 | 0 | |a b | |
| 200 | 1 | |a Кулибинский и нижнедербинский комплексы: общность петролого-геохимических черт (северо-запад Восточного Саяна) |b Электронный ресурс |f А. Н. Юричев | |
| 203 | |a Текст |c электронный | ||
| 215 | |a 1 файл (280 Кб) | ||
| 225 | 1 | |a Геология и полезные ископаемые | |
| 230 | |a Электронные текстовые данные (1 файл : 280 Кб) | ||
| 300 | |a Заглавие с титульного листа | ||
| 300 | |a Электронная версия печатной публикации | ||
| 320 | |a [Библиогр.: с. 129 (19 назв.)] | ||
| 330 | |a Исследованы петролого-геохимические особенности кулибинского и нижнедербинского мафит-ультрамафитовых комплексов северо-западной части Восточного Саяна. Показан их петрографический и минералогический состав, рудная минерализация, петрохимические и геохимические черты. Полученные данные позволили установить большое сходство сравниваемых комплексов и предположить высокую перспективность обнаружения в их ультрамафитовых сериях Pt-Cu-Ni оруденения. | ||
| 337 | |a Adobe Reader | ||
| 461 | 1 | |0 (RuTPU)RU\TPU\book\176237 |t Известия Томского политехнического университета [Известия ТПУ] |f Томский политехнический университет (ТПУ) |d 2000- | |
| 463 | 1 | |0 (RuTPU)RU\TPU\book\264203 |x 1684-8519 |t Т. 323, № 1 : Науки о Земле |v [С. 123-129] |d 2013 |p 249 с. | |
| 610 | 1 | |a петрография | |
| 610 | 1 | |a петрохимия | |
| 610 | 1 | |a геохимия | |
| 610 | 1 | |a рудная минерализация | |
| 610 | 1 | |a мафит-ультрамафитовые массивы | |
| 610 | 1 | |a петролого-геохимические черты | |
| 610 | 1 | |a Восточный Саян | |
| 610 | 1 | |a электронный ресурс | |
| 700 | 1 | |a Юричев |b А. Н. |g Алексей Николаевич | |
| 801 | 1 | |a RU |b 63413507 |c 20090623 |g PSBO | |
| 801 | 2 | |a RU |b 63413507 |c 20190517 |g PSBO | |
| 856 | 4 | |u http://earchive.tpu.ru/bitstream/11683/4905/1/bulletin_tpu-2013-323-1-20.pdf | |
| 942 | |c CF | ||